| 000 | 00000nas##2200000za#4500 |
| 001 | 9.504013 |
| 003 | CaOODSP |
| 005 | 20220504095357 |
| 007 | cr ||||||||||| |
| 008 | 150406c1987||||xxc|| p o||||f| |0fre|d |
| 040 | |aCaOODSP|bfre |
| 043 | |an-cn--- |
| 086 | 1 |aCC173-2F-PDF |
| 110 | 1 |aCanada.|bCommission de contrôle de l'énergie atomique. |
| 245 | 10|aReporter |h[ressource électronique] |
| 246 | 1 |iTitre de renvoi : |aLe reporter de la CCEA : périodique de l'organisme de réglementation nucléaire du Canada |
| 260 | |aOttawa - Ontario : |bCommission de contrôle de l'énergie atomique |
| 310 | |aTrimestriel |
| 362 | 1 |a[Avril 1987] - Hiver/Printemps 2000 |
| 500 | |aDescription d'après : Hiver/Printemps 2000. |
| 691 | 07|aÉnergie nucléaire|2gcpds |
| 691 | 07|aPublication en série|2gcpds |
| 775 | 08|tReporter |w(CaOODSP)9.507628 |